| 000 | 00564nam a22001697a 4500 | ||
|---|---|---|---|
| 008 | 151124b xxu||||| |||| 00| 0 eng d | ||
| 020 | _a0801633605 | ||
| 050 | _aRB 113 .M35 1990 | ||
| 100 |
_aMcCance Kathrynl _d1990 |
||
| 245 |
_aPathophysiology/ _cKathrynl McCance |
||
| 260 |
_aSt. Louis : _bMosby, _c1990 |
||
| 300 |
_axx, 1452 pages : ill (some color). _bIncludes index; _c24 cm |
||
| 650 | _aPhysiology, Pathological. | ||
| 650 | _aNursing. | ||
| 650 |
_aDiseas _v Nurses' Instruction. |
||
| 942 |
_2lcc _cBOOKS _hRB 113 .M35 1990 |
||
| 999 |
_c10113 _d10113 |
||